| 000 | 01644cam a2200409 a 4500 | ||
|---|---|---|---|
| 999 |
_c235059 _d235059 |
||
| 001 | 14082811 | ||
| 003 | Nust | ||
| 005 | 20180709112750.0 | ||
| 008 | 050822r20062005nyu 000 1 eng | ||
| 010 | _a 2005044529 | ||
| 020 |
_a9780330437776 _cRs. 460 |
||
| 038 | _aArshad | ||
| 040 |
_aDLC _cDLC _dDLC |
||
| 043 | _au-at--- | ||
| 050 | 0 | 0 |
_aPR9619.4.T545 _bE95 2006 |
| 082 | 0 | 0 |
_a813.6 _bTIF |
| 100 | 1 |
_aTiffany, Carrie, _d1965- _911512 |
|
| 245 | 1 | 0 |
_aEveryman's rules for scientific living : _ba novel / _cCarrie Tiffany. |
| 250 | _a1st Scribner ed. | ||
| 260 |
_aNew York : _bScribner, _c2006. |
||
| 300 |
_a255 p. ; _c20 cm. |
||
| 650 | 0 |
_aYoung women _vFiction. _93694 |
|
| 650 | 0 |
_aMarried women _vFiction. _911513 |
|
| 650 | 0 |
_aRural conditions _vFiction. _911514 |
|
| 650 | 0 |
_aScientists _vFiction. _911515 |
|
| 650 | 0 |
_aFarm life _vFiction. _911516 |
|
| 651 | 0 |
_aAustralia _vFiction. _911517 |
|
| 655 | 7 |
_aDomestic fiction. _2lcsh _94525 |
|
| 655 | 7 |
_aHistorical fiction. _2gsafd _9417 |
|
| 856 | 4 | 2 |
_3Publisher description _uhttp://www.loc.gov/catdir/enhancements/fy0643/2005044529-d.html |
| 856 | 4 | 1 |
_3Sample text _uhttp://www.loc.gov/catdir/enhancements/fy0643/2005044529-s.html |
| 856 | 4 | 1 |
_3Table of contents only _uhttp://www.loc.gov/catdir/enhancements/fy0643/2005044529-t.html |
| 856 | 4 | 2 |
_3Contributor biographical information _uhttp://www.loc.gov/catdir/enhancements/fy1013/2005044529-b.html |
| 906 |
_a7 _bcbc _corignew _d1 _eocip _f20 _gy-gencatlg |
||
| 942 |
_2ddc _cBK |
||